Nota peperiksaan : spm KBSM Fizik 1995/6

Bibliographic Details
Main Author: Yeap, Patricia
Format: Book
Published: P.Jaya : Preston , 1995
Subjects:

MARC

LEADER 00000cam a2200000 7i4500
001 0000006083
002 000006573
005 20000330.0
020 |a 9679173402 
090 0 0 |a 530   |b YEA 
100 1 |a Yeap, Patricia 
245 1 0 |a Nota peperiksaan :   |b spm KBSM Fizik 1995/6   |c Patricia Yeap 
260 |a P.Jaya :   |b Preston ,   |c 1995 
300 |a 511p. ;   |c 28cm. 
650 0 0 |a Physics   |x SPM 
999 |a 038211   |b BUKU   |c RUJUKAN   |e PERPUSTAKAAN KOMUNITI PETALING JAYA 
999 |a 038212   |b BUKU   |c RUJUKAN   |e PERPUSTAKAAN KOMUNITI PETALING JAYA